Advanced Maths / (Record no. 152455)

MARC details
000 -LEADER
fixed length control field 00618nam a22001697a 4500
010 ## - LCCN (DPL NO)
LC control number B-694019
020 ## - INTERNATIONAL STANDARD BOOK NUMBER
International Standard Book Number 9788193209486
Terms of availability 375.00
037 ## - SOURCE OF ACQUISITION
Source of stock number/acquisition RK Books
Stock number dpl
082 ## - DEWEY DECIMAL CLASSIFICATION NUMBER
Classification number 510
100 ## - MAIN ENTRY--PERSONAL NAME
Personal name Yadav,Rakesh
245 ## - TITLE STATEMENT
Title Advanced Maths /
Statement of responsibility, etc Rakesh Yadav
260 ## - PUBLICATION, DISTRIBUTION, ETC. (IMPRINT)
Place of publication, distribution, etc Delhi
Name of publisher, distributor, etc Rakesh Yadav
Date of publication, distribution, etc 2017
270 ## - ADDRESS
Address 1425, Outram Lane , B.B.M. Depot GTB Nagar
City Delhi
Postal code 110009
300 ## - PHYSICAL DESCRIPTION
Extent 650p.
Other physical details 28cm (pbk)
942 ## - ADDED ENTRY ELEMENTS (KOHA)
Source of classification or shelving scheme Dewey Decimal Classification
Item type English Books
Classification part 510
Call number suffix YAD
Holdings
Withdrawn status Lost status Not for loan Collection code Home library Current library Date acquired Source of acquisition Cost, normal purchase price Full call number Barcode Copy number Cost, replacement price Koha item type
      Non-fiction Sarojini Nagar Sarojini Nagar 31/05/2018 R.K.Books/IN398/23.05.2018/456/18.05.2018/29.05.2018 375.00 510 YAD B-694019 1 375.00 English Books

© Delhi Public Library
Hit Counter
free hit counter